000 00919nam a2200181 a 4500
008 150812s1998 ||||||||||||||||| || u
020 _a9780132625364
050 _aQP 34.5 Sil
100 _aSilverthorn, Dee U
245 1 0 _aInstructor's resources guide: human physiology: an integrated approach
_cby Dee U. Silverthorn, Richard D. Hill and Lawrence D. Brewer
260 _aUnited States of America
_bPrentice-Hall
_c1998
300 _aPagenated.
350 _a39.68
650 0 _aHUMAN PHYSIOLOGY
650 _aHUMAN PHYSIOLOGY--INSTRUCTORS GUIDE
995 _aMEDICAL LIBRARY OPEN ACCESS
_e903056
_FCBU-SCHOOL OF MEDICINE LIBRARY (Ndola)
_I0.00
_jQP 34.5 Sil
_M1
_UAVAILABLE
_WSep 7, 2015
_y903056
_ZMedical Library Open Access Collection
995 _aMEDICAL LIBRARY OPEN ACCESS
_e903057
_FCBU-SCHOOL OF MEDICINE LIBRARY (Ndola)
_I0.00
_jQP 34.5 Sil
_M2
_UAVAILABLE
_WSep 7, 2015
_y903057
_ZMedical Library Open Access Collection
999 _c64115
_d64115